| 000 | 00378 a2200145 4500 | ||
|---|---|---|---|
| 001 | 170535 | ||
| 020 | _a | ||
| 040 | _cMagnum | ||
| 100 | _aMinisterio da Educacao e do Desporto | ||
| 240 | 1 | 0 |
_aDiretrizes curriculares nacionais para o ensino medio _lpor |
| 245 | 1 | 0 | _aDiretrizes curriculares nacionais para o ensino medio |
| 362 | 0 | _a1899 | |
| 697 | _aENSINO | ||
| 942 | _cBK | ||
| 999 |
_c170535 _d170535 |
||